000 00305nam a22001457a 4500
003 SGT
020 _a9780199456550
082 _bRAT
100 _aRATNAM, C.S. VENKATA
245 _aINDUSTRIAL RELATIONS
250 _a2ND
260 _bOXFORD UNIVERSITY PRESS
_c2017
300 _a592
942 _2ddc
_cBK
999 _c16353
_d16353